| 000 | 00807nam a22001935i 4500 | ||
|---|---|---|---|
| 001 | 163840 | ||
| 003 | ES-MaACL | ||
| 005 | 20250907063126.0 | ||
| 008 | 991103s1873 sp |||| |bspa d | ||
| 040 |
_aCCPB | B _bspa _cCCPB | B |
||
| 100 | 1 |
_aRodríguez Villa, Antonio, _d1843-1912 _998860 |
|
| 245 | 1 | 0 |
_aNoticia biográfica y documentos historicos relativos á Don Diego Hurtado de Mendoza, primer Conde de la Corzana ... / _cpor Antonio Rodríguez Villa. |
| 260 |
_aMadrid : _b[s.n.], _c1873 ( _fimprenta y estereotipia de Aribau y Cª.) |
||
| 300 |
_aLIX, 159 p. ; _c15 cm. |
||
| 600 | 2 | 7 |
_aCorzana, Diego Hurtado de Mendoza, _cConde de la, _d1571-1671- _vBiografías _2 _9126605 |
| 852 |
_aES-MaACL _jF-450 _z-- Rúst. |
||
| 852 |
_aES-MaACL _jD-3357 _z-- Rúst. |
||
| 999 |
_c163840 _d163840 |
||